[Event "3. Open Bohumin 2020"]
[Site "Bohumin"]
[Date "2020.07.23"]
[Round "6.2"]
[White "Molenda, Marcin"]
[Black "Kucza, Karol"]
[Result "1-0"]
[WhiteElo "2363"]
[BlackElo "2245"]
[Annotator "TA"]
[PlyCount "139"]
[EventDate "2020.07.18"]
[EventType "swiss"]
[EventCountry "CZE"]
[SourceTitle "playchess.com"]
[Source "ChessBase"]
[SourceQuality "1"]

{[%evp 15,139,16,38,19,18,19,16,25,23,10,35,22,22,31,37,29,14,8,4,0,8,8,35,-23,-15,0,0,0,0,0,0,0,0,0,0,0,4,0,0,0,30,14,21,20,30,18,19,8,23,8,16,9,191,183,224,217,272,266,259,238,226,206,321,310,332,332,324,255,304,262,327,302,304,299,302,255,360,347,337,337,512,512,512,512,692,693,1718,1710,1604,1561,1431,1362,1309,1304,29960,1402,1280,1247,29963,29965,29963,29964,29962,29964,29973,29972,29969,29966,29982,29979,29981,29981,29984,29985,29985,29986,29986,29987,29987,29988,29988,29987,29987,0,29988,29989]} 1. d4 d5 2. c4 c6 3. Nf3 Nf6 4. e3 Bg4 5. Nc3 e6 6. h3 Bxf3 7. Qxf3 Bb4 8. Bd3 Nbd7 9. O-O O-O 10. a3 Bxc3 11. bxc3 {The position is equal.} e5 12. Qd1 Re8 13. Rb1 dxc4 14. Bxc4 b5 15. Ba2 Nb6 {[%cal Bd7b6,Bb6a4,Ba4b2][%mdl 32]} 16. Qd3 a6 17. Rd1 Qe7 18. Bb2 Na4 19. c4 ({White should play} 19. dxe5 $14 Qxe5 20. Ba1) 19... Nxb2 $11 20. Rxb2 exd4 21. exd4 Rad8 22. cxb5 axb5 23. Rc2 Rd6 24. Qf3 Qd7 25. Rdc1 {[%cal Rc2c6]} Rxd4 26. Rxc6 Rd3 27. Qf4 {[#] And now Rc7 would win.} Rd1+ 28. Kh2 {Hoping for Rc7.} Rxc1 29. Rxc1 {Strongly threatening Rc7.} Rc8 30. Rxc8+ Qxc8 31. Qe5 Qb7 32. Kg1 h6 33. Bb1 b4 $2 {Black is on the road to losing.} (33... Qa7 $11 {and Black is okay.}) 34. Qd6 $18 Qc8 {aiming for ...Qc1+.} 35. Qxb4 Qc1+ 36. Kh2 {Qb8+ would kill now.} g6 37. Bd3 Qc7+ 38. g3 Nd7 (38... Qd7 {might work better.}) 39. a4 Qa7 40. Kg1 Nc5 41. Bc2 Qc7 42. Qc4 Kg7 43. Be4 Qa5 {White must now prevent ...Qe1+.} 44. Bc6 h5 45. Kg2 Ne6 (45... Qb6 {was worth a try.}) 46. Qd5 Qc3 47. h4 g5 (47... Nc7 {was necessary.} 48. Qd6 Qa5) 48. hxg5 h4 49. Qf3 h3+ 50. Kh2 Qc5 51. Qf6+ Kg8 52. g6 Ng5 53. gxf7+ Nxf7 54. Bd7 Ng5 55. Be6+ (55. Bxh3 $142 Nxh3 56. Kxh3 Qh5+ 57. Kg2 Qd5+ 58. Qf3 Qa5 59. Qe4 Kg7 60. g4) 55... Nxe6 56. Qxe6+ {[%mdl 4160] [#] Endgame Double Attack. KQ-KQ} Kg7 57. Qg4+ Kf8 58. Qf4+ Kg8 59. Kxh3 Qh5+ 60. Kg2 Qd5+ 61. Qf3 Qc5 62. Qb3+ Kh8 63. Qb5 Qc2 64. Qb8+ Kg7 65. Qb7+ Kh8 66. a5 {[%cal Ba4a5,Ba5a6][%mdl 32]} Qc4 67. a6 Qf7 68. Qb8+ Kh7 69. Qb7 Kh8 $1 70. Kg1 {Accuracy: White = 90%, Black = 64%.} 1-0

[Event "3. Open Bohumin 2020"]
[Site "Bohumin"]
[Date "2020.07.23"]
[Round "6.3"]
[White "Poysti, Nathanael"]
[Black "Niedbala, Bartlomiej"]
[Result "1/2-1/2"]
[WhiteElo "2209"]
[BlackElo "2379"]
[Annotator "TA"]
[PlyCount "48"]
[EventDate "2020.07.18"]
[EventType "swiss"]
[EventCountry "CZE"]
[SourceTitle "playchess.com"]
[Source "ChessBase"]
[SourceQuality "1"]

{[%evp 10,48,16,22,27,4,2,9,12,6,20,17,4,14,15,0,45,39,34,42,70,0,0,0,0,0,0,0,0,0,22,12,27,20,14,16,25,26,34,31,29]} 1. c4 Nf6 2. Nc3 e6 3. e4 d5 4. cxd5 exd5 5. e5 Ne4 6. Nf3 Bf5 {A18: English Opening: Flohr-Mikenas System (1 c4 Nf6 2 Nc3 e6 3 e4).} 7. d3 Nxc3 8. bxc3 c5 {The position is equal.} 9. d4 Nc6 10. Bd3 Bxd3 11. Qxd3 cxd4 12. Nxd4 {[#]} Bc5 $146 ({Predecessor:} 12... Nxd4 13. cxd4 Bb4+ 14. Ke2 O-O 15. Rb1 Ba5 16. Ba3 Re8 17. Rxb7 Qc8 18. Rb3 Qg4+ {½-½ (34) Wang,H (2737)-Esipenko,A (2611) Poikovsky 2019}) 13. Nxc6 bxc6 14. Qg3 Qd7 15. O-O (15. Qxg7 $14 O-O-O 16. O-O) 15... O-O $1 $11 {[#]} 16. Bh6 $1 {[%csl Gh6][%cal Rg3g7][%mdl 512]} f6 17. e6 Qe7 18. Rfe1 Rab8 19. Re2 Bd6 20. Bf4 Rfd8 21. Rae1 Bxf4 22. Qxf4 c5 23. h4 Rb6 24. h5 h6 {Accuracy: White = 94%, Black = 88%.} 1/2-1/2

[Event "3. Open Bohumin 2020"]
[Site "Bohumin"]
[Date "2020.07.23"]
[Round "6.4"]
[White "Goluch, Piotr"]
[Black "Michenka, Jozef"]
[Result "1/2-1/2"]
[WhiteElo "2376"]
[BlackElo "2299"]
[Annotator "TA"]
[PlyCount "119"]
[EventDate "2020.07.18"]
[EventType "swiss"]
[EventCountry "CZE"]
[SourceTitle "playchess.com"]
[Source "ChessBase"]
[SourceQuality "1"]

{[%evp 21,119,52,56,41,37,42,47,28,29,26,55,60,68,56,83,93,106,72,65,70,104,95,94,101,95,93,84,67,86,49,72,70,112,112,120,107,152,122,132,121,144,129,152,120,129,120,124,113,195,73,63,70,73,72,67,64,50,0,31,0,0,0,0,0,8,0,5,0,31,32,54,46,63,37,47,0,0,0,0,0,0,0,0,0,0,0,0,0,0,0,0,0,0,0,13,0,0,0,0,0]} 1. d4 d5 2. c4 dxc4 3. Nf3 Nf6 4. e3 e6 5. Bxc4 c5 6. O-O a6 7. Qe2 Nc6 8. Rd1 cxd4 9. exd4 Be7 10. Nc3 Nb4 11. Bg5 O-O 12. Ne5 {D26: Queen's Gambit Accepted: 4 e3 e6 5 Bxc5 c5 sidelines.} Nfd5 13. Bxe7 Nxe7 14. a3 {White is slightly better.} Nbd5 {[#]} 15. Rac1 $146 ({Predecessor:} 15. Qf3 b5 16. Nxd5 Nxd5 17. Nc6 Qc7 18. Bxd5 exd5 19. Rac1 Bb7 20. Nb4 Qd7 21. Rc5 {1-0 (51) Volodin,V (2214)-Lucovnik,T (2001) Prague 2014}) 15... b5 16. Nxd5 exd5 17. Bd3 Ra7 18. Rc5 f6 19. Nf3 Bg4 20. h3 Bxf3 21. Qxf3 ({Don't play} 21. gxf3 $6 Qd6 $11) 21... Qd6 22. Bc2 Rd8 23. b4 g6 24. h4 Kg7 25. g3 Qe6 26. Kg2 Nc8 27. h5 Ne7 28. Qf4 Ng8 29. hxg6 hxg6 30. Rh1 Re7 31. Bd3 f5 32. Rhc1 {And now Rc6 would win.} Rd6 33. Rc8 Nf6 34. Ra8 Re8 {[#]} (34... Nh5 $16 35. Qd2 f4) 35. Rxe8 (35. Rc7+ $1 $18 {is the precise move to win.} Rd7 36. Rxd7+ {[%mdl 64] Overworked Piece} Nxd7 37. Rxe8 Qxe8 38. Qd6 {[%mdl 64] Double Attack}) 35... Nxe8 $16 36. Rh1 Nf6 37. Qh6+ Kf7 38. Qg5 Rd8 39. Qd2 (39. g4 $5 {[%cal Rg4f5]} Rg8 40. Qf4 $16) 39... Kg7 40. a4 bxa4 41. Qc2 Rc8 42. Qxa4 Rc3 $132 {[%mdl 2048] Black is not holding back} 43. Qd1 Qd6 44. Qd2 Rc8 45. Ra1 Rc6 46. Ra5 Ne4 47. Bxe4 (47. Qe1 {is interesting.} Kf7 48. Qh1 Nf6 49. Qb1 Ng8 50. Rc5) 47... dxe4 48. Rc5 Rxc5 $1 {The position is equal.} 49. bxc5 $11 {[%mdl 4096] Endgame KQ-KQ} Qd5 {( -> ...e3+)} 50. Kg1 (50. Qc3 {feels hotter.} Kf7 51. c6 e3+ 52. Kf1 Qf3 53. Qb3+) 50... Kf7 51. Qb2 Ke7 52. Qb4 {Hoping for c6+.} Kd7 53. Qb6 Qc6 {White must now prevent ...Qxb6.} 54. Qa7+ Ke6 55. Qg7 Kd5 56. Qe5+ Kc4 57. Qd6 Qa4 58. c6 Qd1+ {[%mdl 64] [#] Double Attack} 59. Kh2 Qh5+ 60. Kg1 {Accuracy: White = 77%, Black = 76%.} 1/2-1/2

[Event "3. Open Bohumin 2020"]
[Site "Bohumin"]
[Date "2020.07.23"]
[Round "6.5"]
[White "Weinzettl, Ernst"]
[Black "Fargac, Martin"]
[Result "1/2-1/2"]
[WhiteElo "2166"]
[BlackElo "2329"]
[Annotator "TA"]
[PlyCount "139"]
[EventDate "2020.07.18"]
[EventType "swiss"]
[EventCountry "CZE"]
[SourceTitle "playchess.com"]
[Source "ChessBase"]
[SourceQuality "1"]

{[%evp 9,139,16,27,0,0,0,0,-4,0,11,32,-10,-3,-3,-3,-6,-6,-30,28,0,0,-13,-6,-13,-5,-4,-8,-50,-33,-40,-35,-40,-37,-35,-37,-62,-63,-61,-56,-56,-53,-60,-56,-54,-56,-72,-37,-45,-13,-41,-27,-33,-30,-36,-28,-47,-29,-33,-29,-35,-26,-51,-20,-58,-15,-29,-24,-39,-18,-20,-10,-26,-15,-44,-43,-46,-44,-51,-24,-24,-24,-28,-35,-43,-29,-43,-24,-35,-30,-26,-14,-45,-37,-38,-4,-6,0,0,16,-10,0,0,31,31,41,41,61,31,31,31,37,16,22,11,16,16,32,16,27,27,27,0,0,0,8,8,8,8,8,8,8,8]} 1. e4 d6 2. d4 Nf6 3. Nc3 Nbd7 4. h3 e5 5. g4 {[#]} d5 $146 ({Predecessor:} 5... g6 6. Nge2 Bg7 7. Bg2 c6 8. Be3 a6 9. a4 b6 10. O-O Bb7 11. Ng3 O-O {0-1 (36) Schneider,V (2294)-Blomqvist,E (2483) Budapest 2013}) 6. dxe5 {B07: Pirc Defence: Miscellaneous Systems.} Nxe4 7. Nxe4 dxe4 8. Bf4 g5 9. Bg3 Bg7 10. Qd4 Nxe5 11. Qxd8+ $1 Kxd8 12. O-O-O+ Ke7 13. Re1 f6 ({Better is} 13... f5) 14. Bg2 h5 $1 15. Bxe5 fxe5 16. gxh5 $1 Rxh5 17. Bxe4 c6 18. Bg2 Be6 19. Ne2 Rf8 $36 {[%mdl 2048] Black is pushing.} ({Stronger than} 19... Bxa2 20. b3 $16) 20. Ng3 Rh4 21. Ne4 Bd5 ({Not} 21... Bxa2 $2 22. b3 $18) 22. Rhf1 g4 23. hxg4 $1 Rxg4 24. Bh1 Rff4 {[%cal Rf4e4]} ({Wrong is} 24... Bxa2 $2 25. b3 $18) 25. f3 Rh4 26. b3 Rh2 27. Kb1 Rfh4 28. Rg1 Bh8 29. Ng3 {With the idea Nf5+.} Kd8 30. Ne4 Kc7 31. a4 Kb6 32. Rd1 Be6 33. Bg2 Rf4 34. Bh1 Bf5 35. Rde1 Ka5 36. Rg2 Rh7 (36... Rfh4 $5 {[%cal Rh2h1]} 37. Rgg1 Rh7 $17) 37. Rd2 Bg7 38. Kb2 Rfh4 39. Bg2 Rh2 40. Ree2 Kb6 41. Ka2 Bh6 {[#] ...Bxe4 is the strong threat.} 42. Rd1 Bf4 43. Bf1 a5 44. Rxh2 Rxh2 45. Bd3 Be6 46. Kb1 Bd5 47. Rf1 Be3 48. Kb2 Bd4+ 49. Kc1 Bf7 50. Kb1 Be6 51. Kc1 Bh3 52. Re1 Kc7 53. c3 Ba7 54. Re2 Rh1+ 55. Kc2 Rg1 56. Nd2 Rg5 57. Nc4 Bc5 58. Rxe5 Rxe5 59. Nxe5 $14 {[%mdl 4096] Endgame KBB-KBN} Bf8 60. Be4 Be6 61. Nd3 Bg8 62. f4 Bd6 63. f5 Kd8 64. b4 axb4 65. Nxb4 Kc7 {The position is equal.} 66. Kb2 Kb6 67. Bc2 Ka5 68. Bb3 Bh7 69. f6 Bg6 70. f7 {Accuracy: White = 76%, Black = 86%.} 1/2-1/2

[Event "3. Open Bohumin 2020"]
[Site "Bohumin"]
[Date "2020.07.23"]
[Round "6.6"]
[White "Mrazek, Lumir"]
[Black "Kubos, Rostislav"]
[Result "1/2-1/2"]
[WhiteElo "2327"]
[BlackElo "2134"]
[Annotator "ChessBase"]
[PlyCount "22"]
[EventDate "2020.07.18"]
[EventType "swiss"]
[EventCountry "CZE"]
[SourceTitle "playchess.com"]
[Source "ChessBase"]
[SourceQuality "1"]
[TimeControl "40/5400+30:900+30"]

1. f4 {[%emt 0:03:21]} d5 {[%emt 0:00:00]} 2. Nf3 {[%emt 0:00:05]} g6 {[%emt 0:00:00]} 3. g3 {[%emt 0:00:06]} Bg7 {[%emt 0:00:00]} 4. Bg2 {[%emt 0:00:04]} Nf6 {[%emt 0:00:42]} 5. O-O {[%emt 0:00:07]} O-O {[%emt 0:00:06]} 6. d3 {[%emt 0:01:05]} b6 {[%emt 0:05:52]} 7. c4 {[%emt 0:06:33]} c6 {[%emt 0:08:25]} 8. cxd5 {[%emt 0:03:47]} Nxd5 {[%emt 0:06:01]} 9. e4 {[%emt 0:03:02]} Nb4 {[%emt 0:03:05]} 10. Ne1 {[%emt 0:03:07]} Ba6 {[%emt 0:05:07]} 11. Rf3 {[%emt 0:00:35]} Qd4+ {[%emt 0:05:59]} 1/2-1/2

[Event "3. Open Bohumin 2020"]
[Site "Bohumin"]
[Date "2020.07.23"]
[Round "6.7"]
[White "Gnojek, Petr"]
[Black "Dobrovolsky, Ladislav"]
[Result "1-0"]
[WhiteElo "2107"]
[BlackElo "2271"]
[Annotator "TA"]
[PlyCount "81"]
[EventDate "2020.07.18"]
[EventType "swiss"]
[EventCountry "CZE"]
[SourceTitle "playchess.com"]
[Source "ChessBase"]
[SourceQuality "1"]

{[%evp 16,81,-12,-11,-20,-27,-8,-29,0,0,0,-9,6,-14,-6,-34,-25,-43,-25,-25,-27,-101,-100,-118,-93,-109,-100,-166,-99,-98,-101,-93,-88,-105,-93,-102,-78,-76,-70,-68,-39,-50,35,35,31,0,0,0,0,-13,0,0,0,0,0,0,0,-8,353,355,348,347,456,463,457,447,498,481]} 1. Nf3 c5 2. e4 e6 3. d3 d5 4. Nbd2 Nc6 5. g3 Bd6 6. Qe2 Nge7 7. Bg2 O-O 8. O-O Bc7 9. Re1 b6 {[%cal Bb7b6,Bb6c5][%mdl 32] A08: King's Indian Attack.} 10. a3 $1 a5 {[#]} 11. b3 $146 ({Predecessor:} 11. Nf1 h6 12. h4 e5 13. Ne3 Be6 14. c4 dxe4 15. dxe4 a4 16. Rd1 Qc8 17. Nd5 {0-1 (41) Chehlov,A (2259)-Butnorius,A (2439) Arco 2010}) 11... a4 {Black has an edge.} 12. exd5 exd5 13. b4 Nf5 14. bxc5 bxc5 15. Nf1 Nfd4 16. Nxd4 Nxd4 17. Qd1 Be6 18. Bb2 (18. Rb1 $11) 18... Ba5 $36 {[%mdl 2048] Keeping White busy.} 19. Nd2 Rb8 20. Rb1 Qd7 21. Re3 (21. Rf1 $17) 21... Rb6 ({Black should try} 21... Bg4 $19 22. f3 Be6 23. Bxd4 cxd4) 22. Bc3 Rxb1 23. Nxb1 Bc7 24. Nd2 {[%cal Bb1d2,Bd2f3,Bf3g5][%mdl 32]} Rb8 25. Re1 Bg4 26. Nf3 {[#]} Nb5 $1 {[%cal Rb5c3]} 27. Qa1 d4 28. Bd2 Qf5 (28... f6 $15) 29. Ng5 $1 $14 {aiming for h3.} h6 30. Ne4 (30. h3 $5 {[%cal Rh3g4]} hxg5 31. hxg4 Qxg4 32. Qa2 $11) 30... Qh5 31. Rb1 Bd7 32. Re1 Nd6 33. Bf4 Ne8 34. Qc1 Qf5 35. Bxc7 Nxc7 36. Qd2 Ra8 $2 {[%mdl 8192] Loses the game.} (36... Nb5 $11 {and Black is okay.}) 37. Nd6 $1 $18 {[%csl LRa8,LRf5][%mdl 64] [#] Discovered Attack} Qf6 38. Bxa8 Nxa8 39. Qf4 {White is clearly winning.} Qxf4 40. gxf4 Nb6 41. Re5 {Accuracy: White = 83%, Black = 72%.} 1-0

[Event "3. Open Bohumin 2020"]
[Site "Bohumin"]
[Date "2020.07.23"]
[Round "6.8"]
[White "Galuszka, Tomasz"]
[Black "Kolar, Stanislav"]
[Result "1/2-1/2"]
[WhiteElo "2255"]
[BlackElo "2024"]
[Annotator "TA"]
[PlyCount "124"]
[EventDate "2020.07.18"]
[EventType "swiss"]
[EventCountry "CZE"]
[SourceTitle "playchess.com"]
[Source "ChessBase"]
[SourceQuality "1"]

{[%evp 18,124,31,6,43,42,47,54,60,29,71,0,0,0,56,-10,27,29,16,0,20,14,16,24,27,0,0,-64,38,-45,-48,-52,-44,-45,-43,-43,-43,-48,-41,-43,-47,-50,-45,-40,-52,-87,-41,-52,-44,-72,-52,-45,-52,-52,-25,-52,0,-52,-48,-73,-38,-38,0,-38,-22,-22,-22,-38,-13,-74,-28,-28,-28,-27,-28,-27,-21,-21,-11,-16,0,-20,0,0,0,0,0,-5,0,0,-3,-32,-32,-61,-52,-84,-2,-2,0,-2,19,20,20,20,20,20,37,0,18]} 1. e4 e6 2. d4 d5 3. Nd2 dxe4 4. Nxe4 Nd7 5. Nf3 Ngf6 6. Bd3 Nxe4 7. Bxe4 Nf6 8. Bd3 Be7 9. Qe2 {is the legacy move (9.Bg5).} O-O 10. Bd2 c5 {C10: French with 3 Nc3: Unusual Black 3rd moves and 3...dxe4.} 11. dxc5 Bxc5 12. O-O-O Qb6 {White is slightly better.} 13. Ng5 {[#]} Rd8 $146 (13... Bxf2 14. Rhf1 $16) ({Predecessor:} 13... Bb4 14. c3 Be7 15. h4 Bd7 16. Be3 Qa5 17. Nxh7 Rfd8 18. Nxf6+ Bxf6 19. Kb1 Ba4 20. Bc2 Bc6 {1-0 (48) Mendoza Aguilar,G (2138)-Chavez Riofrio,E (2004) Barquisimeto 2017}) 14. g4 (14. Kb1 $16) 14... Bd7 $11 15. Bc3 e5 (15... Rac8 $11) 16. Ne4 (16. Qxe5 $14 Re8 17. Qf4 Bxf2 18. Bxh7+ Kh8 19. Bd4 (19. Kb1 Be3 $17) 19... Bxd4 20. Rxd4) 16... Bd4 ({Much worse is} 16... Nxg4 $6 17. Rhg1 $14) 17. Bxd4 exd4 18. g5 Nxe4 19. Qxe4 g6 20. Qf4 Rac8 21. Rhe1 Be6 22. a3 (22. h4 $11) 22... Rc5 (22... Qb3 $1 $15 23. Re4 Qa2) 23. Re5 (23. h4 $14) 23... Qc7 $1 $36 {[%mdl 2048] Black is pushing.} 24. Rde1 Rdd5 25. R5e4 Qxf4+ 26. Rxf4 Rxg5 27. h4 Rg2 28. Ree4 Kg7 29. Rxd4 h6 30. b4 Rc7 31. Kb2 h5 32. c4 b6 33. Be2 Rg1 34. Rd2 Re1 35. Rfd4 Bf5 36. Bd1 Be6 (36... Rh1 $15) 37. Kc3 (37. Be2 $1 $11) 37... Rh1 38. b5 Rh3+ 39. Kb4 Rh1 40. a4 Re1 41. Bb3 Rb1 42. Ra2 Kf6 43. Re2 (43. a5 $11) 43... Rc5 44. a5 {[#]} Rxb3+ $1 {[%mdl 512]} 45. Kxb3 {Kb4 is the strong threat.} Rxb5+ $1 $11 {[%mdl 4160] Endgame Double Attack. KRR-KRB} 46. Kc3 Rxa5 47. Rf4+ Kg7 48. Rb2 Rc5 49. Kd3 f6 50. Rd4 g5 51. Re2 Kf7 52. Ra2 Rc7 53. Rb2 Kg6 54. Re2 Bf5+ 55. Kd2 gxh4 $1 56. Rxh4 {[#]} Bg4 ({Black should play} 56... Rd7+ $1 $17 57. Ke3 Rd3+ 58. Kf4 Rc3) 57. Re4 Kg5 58. Rh2 f5 59. f4+ Kf6 60. Rd4 Rc6 61. Kd3 Re6 62. Kd2 {[%mdl 1024] White has compensation.} Rc6 {Accuracy: White = 64%, Black = 71%.} 1/2-1/2

[Event "3. Open Bohumin 2020"]
[Site "Bohumin"]
[Date "2020.07.23"]
[Round "6.9"]
[White "Posluszny, Tomasz"]
[Black "Kula, Dominik"]
[Result "0-1"]
[WhiteElo "1977"]
[BlackElo "2243"]
[Annotator "TA"]
[PlyCount "88"]
[EventDate "2020.07.18"]
[EventType "swiss"]
[EventCountry "CZE"]
[SourceTitle "playchess.com"]
[Source "ChessBase"]
[SourceQuality "1"]

{[%evp 10,88,25,14,69,0,9,7,0,0,14,15,10,9,34,38,59,52,53,18,13,10,8,16,52,0,0,-225,-212,-233,-172,-172,-185,-179,-181,-152,-145,-155,-116,-171,-172,-240,-161,-224,-145,-230,-209,-211,-212,-244,-242,-356,-344,-360,-370,-370,-364,-361,-359,-359,-361,-366,-305,-365,-342,-363,-305,-422,-409,-739,-638,-627,-603,-669,-662,-1137,-935,-2377,-2306,-1935,-1876]} 1. d4 Nf6 2. c4 e5 3. dxe5 Ng4 4. e4 Nxe5 5. f4 Nec6 6. a3 Bc5 {A52: Budapest Gambit.} (6... a5 $11) 7. Nf3 ({White should try} 7. b4 $1 $14 Bd4 8. Ra2) 7... a5 $11 8. Nc3 d6 {The position is equal.} 9. Bd3 O-O 10. Qe2 Bg4 {Strongly threatening ...Nd4.} 11. Be3 Nd4 12. Qf2 $1 Nb3 13. Rd1 $1 {[#]} Nc6 $146 ({Predecessor:} 13... Bxe3 14. Qxe3 Nc5 15. O-O Nxd3 16. Rxd3 Be6 17. Nd2 Na6 18. f5 Nc5 19. fxe6 Nxd3 20. exf7+ Rxf7 21. Rxf7 Kxf7 22. Qxd3 {1-0 (32) Daeubler,H (2061)-Geisensetter,F (1979) Bergen 2011}) 14. Bc2 Bxf3 15. gxf3 Bxe3 16. Qxe3 Nc5 17. Rd5 (17. O-O $14) 17... Qh4+ 18. Ke2 $2 (18. Kd1 $1 $11 {and White is okay.}) 18... Ne6 $19 19. Kd1 Qxf4 20. Qxf4 Nxf4 21. Rd2 Ne5 22. b3 Rad8 23. Rf1 Rfe8 24. Nb5 (24. Nd5 $17 {might work better.} Nxd5 25. cxd5) 24... Rd7 25. Nd4 (25. Nc3 {keeps fighting.}) 25... g6 26. Kc1 (26. a4 {was worth a try.}) 26... c6 27. Kb2 (27. Ne2 $17 {was necessary.} Nxe2+ 28. Rxe2) 27... d5 28. cxd5 cxd5 29. Nb5 Red8 30. Rfd1 (30. Nc3 $142) 30... Nxf3 31. Rf2 dxe4 {[%mdl 64] [#] Discovered Attack} 32. Rxd7 Rxd7 33. Bxe4 Nd3+ 34. Bxd3 Rxd3 {[%mdl 4096] Endgame KRN-KRN} 35. Re2 Rd7 36. Kc3 h5 37. Kc4 b6 38. Re8+ Kg7 39. Rb8 (39. Re2 $142) 39... Nxh2 {Black is clearly winning.} 40. Rxb6 Nf3 {[#] White must now prevent ...h4.} 41. Nd6 h4 {And now ...h3 would win.} 42. Kb5 h3 43. Ne4 h2 44. Ng3 Rd5+ {Accuracy: White = 45%, Black = 67%.} 0-1

[Event "3. Open Bohumin 2020"]
[Site "Bohumin"]
[Date "2020.07.23"]
[Round "6.10"]
[White "Radecki, Adam"]
[Black "Rodshtein, Tereza"]
[Result "1/2-1/2"]
[WhiteElo "1895"]
[BlackElo "2189"]
[Annotator "TA"]
[PlyCount "133"]
[EventDate "2020.07.18"]
[EventType "swiss"]
[EventCountry "CZE"]
[SourceTitle "playchess.com"]
[Source "ChessBase"]
[SourceQuality "1"]

{[%evp 15,133,-13,-12,0,0,0,0,-15,62,48,57,70,275,276,268,-43,-33,-29,-16,-71,-66,-68,-73,-87,-36,-70,-67,-122,-121,-122,-122,-120,-124,-117,-122,-133,-133,-125,-94,-94,-94,-95,-95,-154,-76,-81,-27,-27,-28,-28,-28,-51,-19,-41,-6,-9,0,0,9,4,6,6,14,0,0,0,8,0,0,0,0,0,0,0,0,0,0,0,0,-2,-2,-2,-2,-2,-2,-6,-9,-50,-50,-127,-58,-58,-41,-58,-58,-157,-156,-143,-40,-137,-137,-139,-137,-139,-139,-127,-125,-132,-148,-133,-133,-166,-124,-121,-17,-31,-18,-18,0,0]} 1. e4 c5 2. Nf3 d6 3. d3 Nc6 4. g3 g6 5. Bg2 Bg7 6. O-O e5 7. Nh4 Nf6 8. Nc3 O-O 9. f4 {B25: Closed Sicilian: 3 g3, lines without early Be3.} exf4 10. Bxf4 Ng4 11. Qd2 h6 (11... Nd4 $11) 12. h3 $1 $14 Bd4+ 13. Kh1 Nf2+ $2 (13... g5 $14) 14. Rxf2 $18 Bxf2 {[#]} 15. Bxh6 $146 (15. Qxf2 $18 g5 16. Bd2) ({Predecessor:} 15. Qxf2 g5 16. Be3 gxh4 17. Bxh6 Re8 18. gxh4 Re6 19. Bg5 f6 20. Be3 Ne5 21. Rg1 {1-0 (30) Keskinen,S (2252)-Salmi,P Vammala 2001}) 15... Bxg3 $15 16. Nf3 $1 Nd4 {Strongly threatening ...Nxf3.} 17. Nxd4 (17. Bxf8 $11 Nxf3 18. Bxf3 Kxf8 19. Qh6+ Kg8 20. Nd5) 17... cxd4 $17 18. Nd5 Be5 19. Bxf8 Qxf8 (19... Kxf8 $17 20. Rf1 Qh4) 20. Rf1 Qd8 21. b3 (21. c3 $15) 21... Qh4 22. Qf2 Qxf2 23. Rxf2 Kg7 24. Nc7 Rb8 25. Ne8+ Kf8 26. Nf6 Be6 27. Nh7+ Ke7 28. Ng5 b5 29. Bf3 (29. Nxe6 $142 fxe6 30. Bf1) 29... Rh8 (29... Bd7 $142 $1 {...f6 is the strong threat.} 30. Bg4 f5 $1 {[%mdl 512]} 31. exf5 gxf5) 30. Kg2 f6 (30... Bf6 $17 31. Nxe6 fxe6) 31. Nxe6 $11 Kxe6 {[%mdl 4096] Endgame KRB-KRB} 32. Bg4+ Ke7 33. Rf1 Rb8 34. Ra1 Rb6 35. a4 Ra6 36. h4 Bf4 37. Rf1 Be5 38. axb5 Ra2 39. Rf2 Ra5 40. Rf1 Rxb5 41. h5 gxh5 42. Bxh5 Ra5 43. Rh1 Ra2 44. Bd1 Kd7 45. Rh7+ Kc6 46. Kf2 Kc5 47. Ke1 Kb4 48. Rc7 Ra6 49. Rc4+ Ka3 50. Rc7 Kb2 51. Rb7 Kc1 52. Ke2 ({Better is} 52. Bg4 $15) 52... Ra5 ({Black should try} 52... Bf4 $1 $17) 53. b4 $15 Ra6 54. b5 Ra5 55. Ke1 (55. Rf7 $1 $15) 55... Bg3+ $17 56. Ke2 Ra2 (56... Bf4 $17) 57. b6 ({White should play} 57. Rc7 $15) 57... axb6 58. Rxb6 Ra8 59. Rc6 Be5 $1 {Hoping for ...Rh8.} 60. Ke1 {[#]} Rh8 $1 {[%cal Rh8h1] Threatens to win with ...Rh1+.} 61. Bg4 Rh2 62. Be6 Bg3+ 63. Kf1 Rf2+ 64. Kg1 {[#]} Re2 (64... Kd2 $1 $17) 65. Rc8 $11 Kd2 66. Rg8 Bf4 {White must now prevent ...Ke3.} 67. Rg2 {Quite a comeback for White. Accuracy: White = 75%, Black = 71%.} 1/2-1/2